000 01326nam a2200385 i 4500
003 KOSZ 005
005 20200527145417.0
008 040924s2004 pl a f f |000 0 pol
015 _aPB 2004/18675
020 _a8371932499
040 _aWA N
_cWA N
_dKOSZ 005/HR
046 _k2004
080 _a624.014
080 _a744
080 _a(075.8)
100 1 _aKucharczuk, Witold
_eAutor
245 1 0 _aZasady sporządzania rysunków stalowych konstrukcji budowlanych /
_cWitold Kucharczuk ; Politechnika Częstochowska.
260 _aCzęstochowa :
_bWydawnictwa PC,
_c2004.
300 _a76 s. :
_brys., tab. ;
_c30 cm.
336 _2rdacontent
_aTekst
_btxt
337 _2rdamedia
_aBez urządzenia pośredniczącego
_bn
338 _2rdacarrier
_aWolumin
_bnc
380 _aKsiążki
380 _aPublikacje dydaktyczne
385 _mPoziom nauczania
_aSzkoły wyższe
388 _a2001-
504 _aWykaz norm s. 75-76.
650 4 _aKonstrukcje stalowe
655 4 _aPodręczniki akademickie
655 4 _aRysunek techniczny
658 _aArchitektura i budownictwo
710 _aWydawnictwo Politechniki Częstochowskiej
_4pbk
856 _uhttp://koha.tu.koszalin.pl/cgi-bin/koha/opac-detail.pl?biblionumber=45696
_yKatalog online BPK
942 _2UKD
_cKS
999 _c45696
_d45696